Mesto a jeho vývoj v sociálno-priestorových a civilizačných súvislostiach

Vznik a vývoj mesta ako typ ľudského sídlenia. Názory na vývoj miest. Mesto ako sociálno-kultúrne prostredie. Mesto ako životné prostredie človeka. Humanizácia ako aktuálny problém vývoja miest. Mestá a nová urbánna výzva. Mestá v procese transformácie modernej spoločnosti. Globalizácia a nová typol...

Full description

Saved in:
Bibliographic Details
Main Author: Gajdoš, Peter
Format: Book Chapter
Language:Slovak
Subjects:
Tags: Add Tag
No Tags, Be the first to tag this record!

MARC

LEADER 00000naa a2200000 4500
001 r045973
005 20230929071106.1
041 0 |a slo 
044 |a SK 
245 1 0 |a Mesto a jeho vývoj v sociálno-priestorových a civilizačných súvislostiach  |c Peter Gajdoš 
520 |a Vznik a vývoj mesta ako typ ľudského sídlenia. Názory na vývoj miest. Mesto ako sociálno-kultúrne prostredie. Mesto ako životné prostredie človeka. Humanizácia ako aktuálny problém vývoja miest. Mestá a nová urbánna výzva. Mestá v procese transformácie modernej spoločnosti. Globalizácia a nová typológia miest. 
610 2 0 |a mestá 
610 2 0 |a vývoj 
610 2 0 |a osídlenie 
610 2 0 |a prostredie životné 
610 2 0 |a urbanizácia 
610 2 0 |a typológia 
610 2 0 |a globalizácia 
610 2 0 |a transformácia 
100 1 |a Gajdoš, Peter